000 00800nas a2200265 4500
001 BR0103610
003 BR-BrBNA
005 20231205102358.0
007 ta
008 230509b bl.|||p| |||| 00| 00por d
040 _aBR-BrBNA
_bpor
_cBiblioteca Nacional de Agricultura
041 _a(Pt)
072 _aK10
100 1 _aRosa, L. dos S.
100 1 _aOhashi, S.T.
100 1 _aSilva, A.S. da
245 1 _aEfeito da profundidade de semeadura na germinacao de sementes de pau-rosa (Aniba rosaeodora Ducke)
650 _aPau Rosa
650 _aSemente
650 _aGerminacao
650 _aSemeadura
773 0 _tRevista de Ciencias Agrarias (Brazil)
_xISSN 1517-591X
_g(Jan-Jun 1999), no. 31 p. 29-36
_wBR0103610
909 _a202311
_bLúcia
_c55
_dLúcia Elande
942 _2AGRIS
_n0
_cANA
999 _c167270
_d167270